Dichos y Refranes Españoles - Estadísticas

Estadísticas generales
  • Esta prueba ha sido intentada 5.418 veces
  • La puntuación promedio es 20 de 30
Estadísticas de respuestas
Refrán % Correcto
De tal palo, {tal astilla}
97%
Perro ladrador, poco {mordedor}
94%
Aunque la mona se vista de seda, {mona se queda}
88%
A caballo regalado no le mires el {diente}
86%
Un clavo saca {otro clavo}
86%
El {fin} justifica los medios
85%
Santa Rita, Rita, lo que se da {no se quita}
81%
Se dice el pecado pero no {el pecador}
80%
Cuando el río suena, {agua lleva}
79%
El que tiene boca, {se equivoca}
76%
Es peor el remedio que {la enfermedad}
76%
Juan Palomo, yo me lo guiso y {yo me lo como}
76%
Más vale {malo conocido} que lo bueno por conocer
75%
Más vale pájaro en mano que {ciento volando}
73%
Piensa el ladrón que todos son {de su condición}
73%
La {avaricia} rompe el saco
70%
Las {apariencias} engañan
69%
Las cosas de palacio {van despacio}
68%
Cada maestrillo tiene {su librillo}
65%
Mucho ruido y {pocas nueces}
61%
En {martes}, ni te cases ni te embarques
58%
Hasta el {cuarenta de mayo} no te quites el sayo
56%
Nunca falta un roto para {un descosido}
53%
Donde hay patrón, no manda {marinero}
49%
No es más rico quien más tiene sino el que {menos necesita}
45%
No se hizo {la miel} para la boca del asno
40%
El que siembra viento, {cosecha tempestades}
38%
Los árboles no dejan ver {el bosque}
34%
No todo el monte es {orégano}
26%
Quien da primero, da {dos veces}
25%
No se encontraron pruebas coincidentes
Distribución de puntuación
Porcentaje de gente con cada puntuación
Porcentaje por número respondido
Historial de tus puntuaciones
No has intentado esta prueba.